MARC details
| 000 -LEADER |
| fixed length control field |
01464nam a22002297a 4500 |
| 001 - CONTROL NUMBER |
| control field |
sjds170036 |
| 003 - CONTROL NUMBER IDENTIFIER |
| control field |
sjds |
| 005 - DATE AND TIME OF LATEST TRANSACTION |
| control field |
20170520114851.0 |
| 008 - FIXED-LENGTH DATA ELEMENTS--GENERAL INFORMATION |
| fixed length control field |
170520b pr||||| |||| 00| 0 spa d |
| 020 ## - INTERNATIONAL STANDARD BOOK NUMBER |
| International Standard Book Number |
9781563282430 (pbk.) |
| 020 ## - INTERNATIONAL STANDARD BOOK NUMBER |
| International Standard Book Number |
1563282437 (pbk.) |
| 040 ## - CATALOGING SOURCE |
| Transcribing agency |
sjds |
| 041 ## - LANGUAGE CODE |
| Language code of text/sound track or separate title |
spa |
| 100 ## - MAIN ENTRY--PERSONAL NAME |
| Personal name |
Ballester, Irma |
| 245 ## - TITLE STATEMENT |
| Title |
El placer de leer y escribir : |
| Remainder of title |
cuaderno de actividades de redacción / |
| Statement of responsibility, etc. |
Irma Ballester [and others]. |
| 260 ## - PUBLICATION, DISTRIBUTION, ETC. (IMPRINT) |
| Place of publication, distribution, etc. |
San Juan, P.R. : |
| Name of publisher, distributor, etc. |
Editorial Plaza Mayor, |
| Date of publication, distribution, etc. |
2003. |
| 300 ## - PHYSICAL DESCRIPTION |
| Extent |
426 pages : |
| Other physical details |
illustrations ; |
| Dimensions |
27 cm |
| 500 ## - GENERAL NOTE |
| General note |
"Puerto Rico, HispanoAmérica, España" -- cover. |
| 500 ## - GENERAL NOTE |
| General note |
"Este cuaderno responde directamente a la antología de lecturas: El placer de leer y escribir."--Page 11. |
| 505 0# - FORMATTED CONTENTS NOTE |
| Formatted contents note |
Se aprende a escribir leyendo --<br/>La redacción: un proceso continuo --<br/>Cuento: Puerto Rico: José Luis González, Magali García Ramis, Edwin Figueroa, Carmen Lugo Filippi, Juan Antonio Ramos, Edgardo Sanabria Santaliz, Mayra Santos Febres, Loreina Santos Silva. Hispanoamérica. España --<br/>Ensayo: Puerto Rico: Kalman Barsy, Tomás Blanco, Nemesio Canales, Rafael Castro Pereda, José de Diego, Ramón A. Cruz, Rosario Ferré, Magali García Ramis, Luis Rafael Sánchez, Salvador Tió, Carmen Dolores Hernández, Ana Lydia Vega. Hispanoamérica. España --<br/>Poesía --<br/>Actividades generales de poesía --<br/>Drama: Puerto Rico: Alejandro Tapia y Rivera. Hispanoamérica. España. |
| 942 ## - ADDED ENTRY ELEMENTS (KOHA) |
| Koha item type |
Libro/Book |